Scream 7 (Record no. 22320)

000 -LEADER
fixed length control field 01621nam a22003857a 4500
005 - DATE AND TIME OF LATEST TRANSACTION
control field 20260418145408.0
008 - FIXED-LENGTH DATA ELEMENTS--GENERAL INFORMATION
fixed length control field 260414b xxu||||| |||| 00| 0 eng d
040 ## - CATALOGING SOURCE
Transcribing agency Cagayan State University
082 ## - DEWEY DECIMAL CLASSIFICATION NUMBER
Classification number 791.4372
Item number S433 2026
245 ## - TITLE STATEMENT
Title Scream 7
Statement of responsibility, etc directed by Kevin Williamson ; produced by Paul Neinstein, William Sherak, James Vanderbilt ; written by Kevin Williamson, Guy Busick, and James Vanderbilt.
260 ## - PUBLICATION, DISTRIBUTION, ETC. (IMPRINT)
Place of publication, distribution, etc United States,
Name of publisher, distributor, etc Paramount Pictures,
Date of publication, distribution, etc 2026.
300 ## - PHYSICAL DESCRIPTION
Extent 1 videofile, (ca. 114 mins.) :
Other physical details sound, color.
500 ## - GENERAL NOTE
General note Also known as BlackBird.
500 ## - GENERAL NOTE
General note Featured in Amanda the Jedi Show: Scream Is Just Stab Now | Explained (2026)
520 ## - SUMMARY, ETC.
Summary, etc When a new Ghostface killer emerges in the town where Sidney Prescott has built a new life, her darkest fears are realized as her daughter becomes the next target.
521 ## - TARGET AUDIENCE NOTE
Target audience note Rated R for strong bloody violence, gore, and language.
Source Motion Picture Rating (MPA).
546 ## - LANGUAGE NOTE
Language note In English subtitle.
655 ## - INDEX TERM--GENRE/FORM
Genre/form data or focus term Horror
655 ## - INDEX TERM--GENRE/FORM
Genre/form data or focus term Mystery
655 ## - INDEX TERM--GENRE/FORM
Genre/form data or focus term Slasher Horror
655 ## - INDEX TERM--GENRE/FORM
Genre/form data or focus term Whodunnit
700 ## - ADDED ENTRY--PERSONAL NAME
Personal name Williamson, Kevin, director and writer.
700 ## - ADDED ENTRY--PERSONAL NAME
Personal name Vanderbilt, James, producer and writer.
700 ## - ADDED ENTRY--PERSONAL NAME
Personal name Busick, Guy, writer.
700 ## - ADDED ENTRY--PERSONAL NAME
Personal name Neinstein, Paul, producer
700 ## - ADDED ENTRY--PERSONAL NAME
Personal name Sherak, William, producer.
700 ## - ADDED ENTRY--PERSONAL NAME
Personal name Page, Jim, editor.
700 ## - ADDED ENTRY--PERSONAL NAME
Personal name Nickell, Ramsey, cinematographer.
700 ## - ADDED ENTRY--PERSONAL NAME
Personal name Houlihan, Kevin, art director.
700 ## - ADDED ENTRY--PERSONAL NAME
Personal name Beltrami, Marco, composer.
700 ## - ADDED ENTRY--PERSONAL NAME
Personal name Campbell, Neve, star.
700 ## - ADDED ENTRY--PERSONAL NAME
Personal name Cox, Courteney, star.
700 ## - ADDED ENTRY--PERSONAL NAME
Personal name May, Isabel, star.
942 ## - ADDED ENTRY ELEMENTS (KOHA)
Source of classification or shelving scheme
Item type Audio-Visual Materials
Holdings
Source of acquisition Price effective from Permanent location Date last seen Not for loan Date acquired Source of classification or shelving scheme Koha item type Collection code Shelving location Damaged status Lost status Withdrawn status Current location Full call number
Donations2026-04-14Cagayan State University - Carig Library2026-04-14 2026-04-14 Audio-Visual MaterialsElectronic Media CenterElectronic Media Center   Cagayan State University - Carig Library791.4372 S433 2026

Cagayan State University University Library, Carig Campus
Tuguegarao City, Cagayan 3500 | www.csucarig.edu.ph

Powered by Koha